[Event "I Festival Juan Martinez Sola 2014"]
[Site "Almería ESP"]
[Date "2014.12.28"]
[Round "7.10"]
[White "Martinez Rubi, Alberto"]
[Black "Chacon Perez, Juan"]
[Result "1/2-1/2"]
[WhiteElo "2063"]
[BlackElo "1953"]
[PlyCount "63"]
[EventDate "2014.12.26"]
[EventType "swiss"]
[EventRounds "7"]
[EventCountry "ESP"]
[Source "lmi"]
[SourceDate "2014.12.26"]

1. e4 c5 2. Nf3 Nc6 3. d4 cxd4 4. Nxd4 g6 5. c4 Bg7 6. Be3 Nf6 7. Nc3 O-O 8.
Be2 b6 9. O-O Bb7 10. f3 Nxd4 11. Bxd4 Bc6 12. Qd2 d6 13. Rac1 Qd7 14. Nd5 Bxd5
15. cxd5 Rac8 16. Rxc8 Rxc8 17. Ba6 Rc7 18. Qb4 e6 19. Bb5 Qe7 20. Bc6 Rc8 21.
a4 exd5 22. exd5 Qe2 23. Re1 Nxd5 24. Bxd5 Bxd4+ 25. Kh1 Qxb2 26. Qxd6 Rf8 27.
f4 Bc5 28. Qe5 Qxe5 29. fxe5 Kg7 30. Rf1 a5 31. g4 h6 32. Kg2 1/2-1/2

[Event "I Festival Juan Martinez Sola 2014"]
[Site "Almería ESP"]
[Date "2014.12.28"]
[Round "7.11"]
[White "Cezar Junior, William Carlos"]
[Black "Rubio Garcia, Antonio Ramon"]
[Result "1-0"]
[WhiteElo "1985"]
[BlackElo "1688"]
[PlyCount "73"]
[EventDate "2014.12.26"]
[EventType "swiss"]
[EventRounds "7"]
[EventCountry "ESP"]
[Source "lmi"]
[SourceDate "2014.12.26"]

1. c4 e6 2. g3 d5 3. cxd5 exd5 4. Bg2 Nf6 5. Nf3 Be7 6. O-O O-O 7. a3 c6 8. d3
Be6 9. Nbd2 Qb6 10. b3 Ng4 11. Bb2 Bf6 12. d4 Nd7 13. h3 Nh6 14. g4 Bxg4 15.
hxg4 Nxg4 16. e4 dxe4 17. Nxe4 Be7 18. Ne5 Ndxe5 19. dxe5 h5 20. Ng3 Bc5 21.
Qe2 Qxb3 22. Nxh5 Qe6 23. Bh3 f5 24. Rac1 Bb6 25. Bxg4 fxg4 26. Qc4 Rae8 27.
Qxe6+ Rxe6 28. Rc4 Rg6 29. Kg2 Kf7 30. Nf4 Rg5 31. Rd1 Ke8 32. Bc3 Rgf5 33. Kg3
Bxf2+ 34. Kxg4 Be3 35. Ne6 R8f7 36. Nxg7+ Ke7 37. Nxf5+ 1-0

[Event "I Festival Juan Martinez Sola 2014"]
[Site "Almería ESP"]
[Date "2014.12.28"]
[Round "7.13"]
[White "Diaz Rodriguez, Jose Antonio"]
[Black "Wang Qiu, Jorge"]
[Result "1-0"]
[WhiteElo "1999"]
[BlackElo "1659"]
[PlyCount "54"]
[EventDate "2014.12.26"]
[EventType "swiss"]
[EventRounds "7"]
[EventCountry "ESP"]
[Source "lmi"]
[SourceDate "2014.12.26"]

1. e4 e6 2. d4 d5 3. Nd2 dxe4 4. Nxe4 Nd7 5. Nf3 Ngf6 6. Nxf6+ Nxf6 7. Bd3 Bd6
8. O-O O-O 9. Bg5 Re8 10. Re1 Be7 11. Ne5 h6 12. Bh4 Kf8 13. c3 c6 14. Bc2 Qc7
15. Qf3 c5 16. Ba4 Rd8 17. Bg3 Qa5 18. Bb3 cxd4 19. Rad1 dxc3 20. Rxd8+ Qxd8
21. bxc3 Kg8 22. Rd1 Qf8 23. Rd4 a5 24. Bc4 Bc5 25. Rd2 Qe7 26. Bh4 Rb8 27. Ng4
Kf8 1-0

[Event "I Festival Juan Martinez Sola 2014"]
[Site "Almería ESP"]
[Date "2014.12.28"]
[Round "7.15"]
[White "Perez Beltran, Salvador"]
[Black "Pastor Jimenez, Daniel"]
[Result "1/2-1/2"]
[WhiteElo "1510"]
[BlackElo "2003"]
[PlyCount "54"]
[EventDate "2014.12.26"]
[EventType "swiss"]
[EventRounds "7"]
[EventCountry "ESP"]
[Source "lmi"]
[SourceDate "2014.12.26"]

1. d4 Nf6 2. c4 g6 3. Nc3 d5 4. e3 Bg7 5. Nf3 c5 6. cxd5 Nxd5 7. Bb5+ Nc6 8.
Bxc6+ bxc6 9. O-O cxd4 10. Nxd4 Bd7 11. Na4 O-O 12. Nc5 Be8 13. Bd2 e5 14. Ndb3
Qb6 15. Ba5 Qb5 16. Rc1 Nb6 17. a4 Nxa4 18. Nxa4 Qxa4 19. Bc7 f5 20. Ra1 Qb5
21. Ra5 Qb7 22. Bxe5 Bxe5 23. Rxe5 Bf7 24. Na5 Qxb2 25. Nxc6 Kg7 26. h3 Rac8
27. Nd4 Rfe8 1/2-1/2

[Event "I Festival Juan Martinez Sola 2014"]
[Site "Almería ESP"]
[Date "2014.12.28"]
[Round "7.16"]
[White "Escudero Martin, Roberto"]
[Black "Garcia Castilla, Manuel"]
[Result "1/2-1/2"]
[WhiteElo "1466"]
[BlackElo "1936"]
[PlyCount "75"]
[EventDate "2014.12.26"]
[EventType "swiss"]
[EventRounds "7"]
[EventCountry "ESP"]
[Source "lmi"]
[SourceDate "2014.12.26"]

1. d4 Nf6 2. c4 e6 3. Nc3 Bb4 4. Bd2 d6 5. a3 Bxc3 6. Bxc3 b6 7. Nf3 Bb7 8. g3
O-O 9. Bg2 Nbd7 10. O-O Ne4 11. d5 Nxc3 12. bxc3 e5 13. e4 Nc5 14. Nd2 Qd7 15.
Nb3 Ba6 16. Nxc5 bxc5 17. f4 Bxc4 18. Rf2 f6 19. f5 Rab8 20. Rb1 Rb6 21. Rfb2
Rfb8 22. Rxb6 Rxb6 23. Rxb6 cxb6 24. Bf1 Qb5 25. Bxc4 Qxc4 26. Qc2 b5 27. Kf2
a5 28. h4 Kf7 29. g4 a4 30. g5 Qb3 31. Qc1 Qa2+ 32. Kg3 b4 33. cxb4 c4 34. gxf6
c3 35. Qg5 gxf6 36. Qh5+ Kf8 37. Qxh7 c2 38. Qh8+ 1/2-1/2

[Event "I Festival Juan Martinez Sola 2014"]
[Site "Almería ESP"]
[Date "2014.12.28"]
[Round "7.17"]
[White "Merelo Garcia, Francisco"]
[Black "Cano Rivera, Miguel Angel"]
[Result "0-1"]
[WhiteElo "1443"]
[BlackElo "1811"]
[PlyCount "79"]
[EventDate "2014.12.26"]
[EventType "swiss"]
[EventRounds "7"]
[EventCountry "ESP"]
[Source "lmi"]
[SourceDate "2014.12.26"]

1. e4 e6 2. d4 d5 3. exd5 exd5 4. Bd3 c6 5. Nf3 Nf6 6. Bg5 Be7 7. O-O O-O 8. c3
Bd6 9. Nbd2 Nbd7 10. Re1 Re8 11. Qc2 h6 12. Bh4 Be7 13. h3 Nf8 14. Bxf6 Bxf6
15. Rxe8 Qxe8 16. Re1 Qd8 17. Nf1 Ne6 18. Ng3 Bd7 19. Bf5 g6 20. Bxe6 Bxe6 21.
Qd2 Kg7 22. Ne2 Qd6 23. Qf4 Qxf4 24. Nxf4 Bf5 25. Nd2 Bg5 26. g3 Kf8 27. h4
Bxf4 28. gxf4 a5 29. Nb3 b6 30. Nd2 a4 31. a3 Rc8 32. c4 Be6 33. Rc1 dxc4 34.
Nxc4 Bxc4 35. Rxc4 b5 36. Rc2 Ke7 37. Kg2 Kd6 38. Rc5 Re8 39. Re5 Rxe5 40.
fxe5+ 0-1

[Event "I Festival Juan Martinez Sola 2014"]
[Site "Almería ESP"]
[Date "2014.12.28"]
[Round "7.18"]
[White "Burgos Blancas, Javier"]
[Black "Navarro Guirado, Javier"]
[Result "1/2-1/2"]
[WhiteElo "1727"]
[BlackElo "1702"]
[PlyCount "70"]
[EventDate "2014.12.26"]
[EventType "swiss"]
[EventRounds "7"]
[EventCountry "ESP"]
[Source "lmi"]
[SourceDate "2014.12.26"]

1. e4 c6 2. d4 d5 3. e5 c5 4. c3 e6 5. Nf3 Nc6 6. Be2 Qb6 7. O-O Bd7 8. Re1 Nh6
9. Na3 Be7 10. Nc2 Nf5 11. b3 Rc8 12. Bf4 cxd4 13. cxd4 Nb4 14. Nxb4 Bxb4 15.
Rf1 Bc3 16. Rc1 Nxd4 17. Nxd4 Bxd4 18. Rxc8+ Bxc8 19. Bd3 Bd7 20. Qe2 O-O 21.
Qg4 Bb5 22. Bxb5 Qxb5 23. Re1 Qd3 24. Bh6 Bxe5 25. h4 Qd4 26. Qh5 Bf4 27. Bxf4
Qxf4 28. g3 Qd2 29. Re2 Qd1+ 30. Kg2 Rc8 31. Qe5 h6 32. Re1 Qc2 33. Re2 Qd1 34.
Re1 Qc2 35. Re2 Qc3 1/2-1/2

[Event "I Festival Juan Martinez Sola 2014"]
[Site "Almería ESP"]
[Date "2014.12.28"]
[Round "7.19"]
[White "Vilchez Ruiz, Francisco"]
[Black "Gazquez Corral, Alba"]
[Result "1/2-1/2"]
[WhiteElo "1716"]
[BlackElo "1548"]
[PlyCount "48"]
[EventDate "2014.12.26"]
[EventType "swiss"]
[EventRounds "7"]
[EventCountry "ESP"]
[Source "lmi"]
[SourceDate "2014.12.26"]

1. e4 e5 2. Nf3 Nc6 3. Bc4 Bc5 4. d3 d6 5. c3 Nf6 6. O-O O-O 7. a4 a6 8. Nbd2
Ba7 9. Bb3 Be6 10. Nc4 b5 11. Ne3 d5 12. exd5 Bxd5 13. Nxd5 Nxd5 14. Bg5 Qd7
15. axb5 axb5 16. Qe2 Rfe8 17. Qe4 Nf4 18. Bxf4 exf4 19. Qxf4 Re2 20. Rab1 Rae8
21. d4 R8e4 22. Qg5 Rg4 23. Qxb5 Rxg2+ 24. Kxg2 Qg4+ 1/2-1/2

[Event "I Festival Juan Martinez Sola 2014"]
[Site "Almería ESP"]
[Date "2014.12.28"]
[Round "7.20"]
[White "Fernandez Salmeron, Ricardo An"]
[Black "Jimenez Tejada, Juan Jose"]
[Result "1-0"]
[WhiteElo "1891"]
[BlackElo "1504"]
[PlyCount "85"]
[EventDate "2014.12.26"]
[EventType "swiss"]
[EventRounds "7"]
[EventCountry "ESP"]
[Source "lmi"]
[SourceDate "2014.12.26"]

1. e4 c5 2. Nf3 g6 3. d4 cxd4 4. Nxd4 Bg7 5. c4 Nc6 6. Be3 Nf6 7. Nc3 Qa5 8. f3
O-O 9. Be2 d6 10. O-O Nxd4 11. Bxd4 Be6 12. a3 Nd7 13. Nd5 Bxd5 14. cxd5 Bxd4+
15. Qxd4 Qc5 16. Qxc5 Nxc5 17. b4 Na4 18. Rfc1 Rfc8 19. Kf2 Kg7 20. Ke3 Kf8 21.
Bb5 Nb6 22. Kd4 a6 23. Be2 Ke8 24. f4 h5 25. g4 hxg4 26. Bxg4 Rxc1 27. Rxc1 Kd8
28. h4 Nd7 29. e5 dxe5+ 30. fxe5 f5 31. Bf3 Rc8 32. Rg1 Nf8 33. Rg5 b5 34. h5
gxh5 35. Rxf5 Nd7 36. Rxh5 Rc4+ 37. Kd3 Rc1 38. e6 Nf6 39. Rh8+ Kc7 40. Ra8 Kb6
41. d6 exd6 42. Rf8 Nh7 43. Rb8+ 1-0

[Event "I Festival Juan Martinez Sola 2014"]
[Site "Almería ESP"]
[Date "2014.12.28"]
[Round "7.21"]
[White "Moreno Lopez, Avelino"]
[Black "Torralba Luzzy, Ricardo"]
[Result "0-1"]
[WhiteElo "1645"]
[BlackElo "1389"]
[PlyCount "68"]
[EventDate "2014.12.26"]
[EventType "swiss"]
[EventRounds "7"]
[EventCountry "ESP"]
[Source "lmi"]
[SourceDate "2014.12.26"]

1. d4 e6 2. c4 d5 3. Nf3 c6 4. Nc3 Nf6 5. Bf4 Be7 6. e3 O-O 7. Be2 dxc4 8. Bxc4
Nbd7 9. O-O b6 10. Ng5 Bb7 11. Bxe6 fxe6 12. Nxe6 Qe8 13. Nxf8 Qxf8 14. Qb3+
Kh8 15. Rad1 Bd6 16. Bxd6 Qxd6 17. e4 Ng4 18. e5 Qg6 19. Rfe1 Nh6 20. Rd2 Re8
21. Rde2 Nf5 22. Re4 Ne7 23. Qa4 a6 24. Qb3 h6 25. Rf4 c5 26. d5 b5 27. g3 b4
28. e6 Nf6 29. d6 Nf5 30. d7 Nxd7 31. Qd1 Nf6 32. Re5 Nd4 33. Na4 Rxe6 34. Rxc5
Ne2+ 0-1

[Event "I Festival Juan Martinez Sola 2014"]
[Site "Almería ESP"]
[Date "2014.12.28"]
[Round "7.22"]
[White "Gutierrez Lupion, Daniel"]
[Black "Moreno Alcaraz, Jose Javier"]
[Result "0-1"]
[WhiteElo "1285"]
[BlackElo "1629"]
[PlyCount "47"]
[EventDate "2014.12.26"]
[EventType "swiss"]
[EventRounds "7"]
[EventCountry "ESP"]
[Source "lmi"]
[SourceDate "2014.12.26"]

1. e4 c5 2. Nc3 Nc6 3. f4 e6 4. Nf3 g6 5. Bb5 Bg7 6. Bxc6 bxc6 7. d3 Ne7 8. O-O
d5 9. Qe1 Ba6 10. e5 Qb6 11. Kh1 Nf5 12. Ne2 h5 13. Ng3 Nd4 14. Nxd4 cxd4 15.
Ne2 c5 16. b3 Rc8 17. Qd2 O-O 18. Rf3 Rfd8 19. Qe1 c4 20. Qf2 cxd3 21. cxd3 Rc7
22. Qe1 Rdc8 23. Qd1 Bb5 24. Rh3 0-1